<?xml version="1.0" encoding="UTF-8"?>
<record
    xmlns:xsi="http://www.w3.org/2001/XMLSchema-instance"
    xsi:schemaLocation="http://www.loc.gov/MARC21/slim http://www.loc.gov/standards/marcxml/schema/MARC21slim.xsd"
    xmlns="http://www.loc.gov/MARC21/slim">

  <leader>02008nam a22002537a 4500</leader>
  <controlfield tag="005">20250809092911.0</controlfield>
  <controlfield tag="008">230309b           ||||| |||| 00| 0 eng d</controlfield>
  <datafield tag="020" ind1=" " ind2=" ">
    <subfield code="a">9781783984909</subfield>
  </datafield>
  <datafield tag="040" ind1=" " ind2=" ">
    <subfield code="c">AL</subfield>
  </datafield>
  <datafield tag="041" ind1=" " ind2=" ">
    <subfield code="a">English</subfield>
  </datafield>
  <datafield tag="082" ind1=" " ind2=" ">
    <subfield code="2">23</subfield>
    <subfield code="a">006.696</subfield>
    <subfield code="b">FISB</subfield>
  </datafield>
  <datafield tag="100" ind1=" " ind2=" ">
    <subfield code="a">Gordon Fisher</subfield>
    <subfield code="9">234792</subfield>
  </datafield>
  <datafield tag="245" ind1=" " ind2=" ">
    <subfield code="a">Blender 3D Basics Beginners guide Ed 2</subfield>
  </datafield>
  <datafield tag="250" ind1=" " ind2=" ">
    <subfield code="a">2</subfield>
  </datafield>
  <datafield tag="260" ind1=" " ind2=" ">
    <subfield code="a">Mumbai</subfield>
    <subfield code="b">Packt Publishing</subfield>
    <subfield code="c">2014</subfield>
  </datafield>
  <datafield tag="300" ind1=" " ind2=" ">
    <subfield code="a">502p</subfield>
    <subfield code="b">PB</subfield>
    <subfield code="c">23x19 cm</subfield>
  </datafield>
  <datafield tag="365" ind1=" " ind2=" ">
    <subfield code="a">8078</subfield>
    <subfield code="b">&#x20B9;3359.00</subfield>
    <subfield code="c">&#x20B9;</subfield>
    <subfield code="d">&#x20B9;4199.00</subfield>
    <subfield code="e">20%</subfield>
    <subfield code="f">27-02-2023</subfield>
  </datafield>
  <datafield tag="520" ind1=" " ind2=" ">
    <subfield code="a">This book teaches you how to model a nautical scene, complete with boats and water, and then add materials, lighting, and animation. It demystifies the Blender interface and explains what each tool does so that you will be left with a thorough understanding of 3D. This book starts with an introduction to Blender and some background on the principles of animation, how they are applied to computer animation, and how these principles make animation better. Furthermore, the book helps you advance through various aspects of animation design such as modeling, lighting, camera work, and animation through the Blender interface with the help of several simple projects. Each project will help you practice what you have learned and do more advanced work in all areas.

What You Will Learn

Use the Blender user interface for building and animating projects
Build objects using Box Modeling, Subdivision Surfaces, and NURBS Curves
Create landscapes and trees with Blender's powerful procedural modeling plugins
Use movie lighting theory to make your images pop
Manipulate cameras for dramatic effect
Make entertaining animations with keyframes and motion curves
Connect graphics nodes to create stereo 3D animation from two separate image streams</subfield>
  </datafield>
  <datafield tag="650" ind1=" " ind2=" ">
    <subfield code="a">Blender</subfield>
    <subfield code="9">74752</subfield>
  </datafield>
  <datafield tag="650" ind1=" " ind2=" ">
    <subfield code="a">3D Skills</subfield>
    <subfield code="9">74753</subfield>
  </datafield>
  <datafield tag="650" ind1=" " ind2=" ">
    <subfield code="a">3D Modeling</subfield>
    <subfield code="9">74754</subfield>
  </datafield>
  <datafield tag="650" ind1=" " ind2=" ">
    <subfield code="a">A Quick and easy to use guide to create 3D modeling and animation using Blender 2.7</subfield>
    <subfield code="9">234791</subfield>
  </datafield>
  <datafield tag="942" ind1=" " ind2=" ">
    <subfield code="2">ddc</subfield>
    <subfield code="c">BK</subfield>
  </datafield>
  <datafield tag="999" ind1=" " ind2=" ">
    <subfield code="c">226949</subfield>
    <subfield code="d">226949</subfield>
  </datafield>
  <datafield tag="952" ind1=" " ind2=" ">
    <subfield code="0">0</subfield>
    <subfield code="1">0</subfield>
    <subfield code="2">ddc</subfield>
    <subfield code="4">0</subfield>
    <subfield code="7">3</subfield>
    <subfield code="8">CAA</subfield>
    <subfield code="a">AL</subfield>
    <subfield code="b">AL</subfield>
    <subfield code="c">RS</subfield>
    <subfield code="d">2023-03-03</subfield>
    <subfield code="e">Biblios Book Point Surathkal Mangalore 575014</subfield>
    <subfield code="g">3359.00</subfield>
    <subfield code="l">0</subfield>
    <subfield code="o">006.696 FISB</subfield>
    <subfield code="p">076476</subfield>
    <subfield code="r">2023-03-09 00:00:00</subfield>
    <subfield code="v">4199.00</subfield>
    <subfield code="w">2023-03-09</subfield>
    <subfield code="y">REF</subfield>
  </datafield>
</record>
